| 000 | 00740nam a2200217 i 4500 | ||
|---|---|---|---|
| 001 | 189757 | ||
| 003 | ES-MaACL | ||
| 005 | 20250818063119.0 | ||
| 007 | t| | ||
| 008 | 191014s1960 sp ||||1| spa d | ||
| 100 | 1 |
_aVerne, Jules, _d1828-1905 _9188654 |
|
| 245 | 1 | 0 |
_aTuristas de antaño / _cJulio Verne ; [traducción, S. Nerval, Mª Carmen Nicolau]. |
| 260 |
_aBarcelona : _bMiguel Arimany, _c1960. |
||
| 300 |
_a1 v. : _bil. ; _c24 cm. |
||
| 490 | 1 |
_aClásicos de la juventud ; _v11 |
|
| 505 | 8 | _aContiene: El rayo verde ; Claudio Bombarnac ; Agencia Thompson y Cía | |
| 700 | 0 |
_aNerval, S. _985402 |
|
| 830 | 0 |
_aClásicos de la juventud ; _v11 _9186501 |
|
| 852 |
_aES-MaACL _jP-993-Bis-5 |
||
| 999 |
_c189757 _d189757 |
||